000 00875nam a2200253Ia 4500
001 Para_3281
003 CHAP
008 220125s9999 xx 000 0 und d
010 _a201769
040 _cCHAP
082 _aPA-C 595.77 D5
100 _aMalloch, J. R.
_970174
245 _aThe american species of the genus Grihoneura Schiner (Díptera, sapromyzidae) /
_c by J. R. Malloch
260 _a:
_b
500 _aSobretiro de: Biological Society. F Washington 38: 75-78,1925. Encuadernado con: Notes on american two-winged flies of the family sapromyzidae/by J. R. Malloch 74-71
650 _aDípteros Sapromyzidae
_9166684
901 _aPA-C 595.77 D5
902 _aA
905 _a000000 0000000000 00
910 _a
942 _cPARA
942 _cPARA
_d1
999 _c201769
_d201769